000 00344 a2200169 4500
001 187521
020 _a85-322-1279-2
040 _cMagnum
100 _aSaad, Jorge
240 1 0 _aO Boitatá em
_lpor
245 1 0 _aO Boitatá em
300 _a22
362 0 _a1994
440 1 _aFTD
697 _aLITERATURA INFANTO-JUVENIL
942 _cBK
999 _c187521
_d187521